00293nam a2200109Ia 4500008004100000020002200041041001200063100003500075245002000110260003200130650002100162231221s9999 xx 000 0 und d a978-1-4020-3060-4 aEnglish aR. Harper, L. Palen, A. Taylor 4aThe Inside Text c2005bSpringer USaNew York aComputer Science